Культурология (Record no. 307976)

MARC details
000 -Лідер
fixed length control field 00731nam a22002657a 4500
003 - Ідентифікатор контрольного номера
control field UA-OsUOA
001 - Контрольний номер
control field 21769
007 - Фіксоване поле фізичного опису
fixed length control field ta
008 - Елементи даних фіксованої довжини – загальна інформація
fixed length control field 20031213b un ||||| |||| 00| 0 ukr d
090 ## - Локальний шифр розміщення
Класифікаційний індекс УДК 008(082.24)
Авторський знак (НП) Г95
040 ## - Джерело каталогізації
Агенція оригінальної каталогізації UA-OsUOA
Мова каталогізації rus
Агенція, яка здійснювала перезапис UA-OsUOA
Агенція, яка здійснювала модифікацію UA-OsUOA
041 ## - Код мови
Код мови тексту/ звукової доріжки чи окремого заголовка (П) rus
080 ## - Індекс Універсальної десяткової класифікації
Індекс Універсальної десяткової класифікації (УДК) (НП) 008(082.24)
020 ## - Міжнародний стандартний книжковий номер (ISBN)
Міжнародний стандартний книжковий номер (ISBN) (НП) 5-8297-0048-4
044 ## - Код країни видавця/ виробника
Код країни видавця/ виробника (П) RU
100 ## - Основне введення – ім’я особи
Ім’я особи (НП) Гуревич П.С.
245 ## - Відомості про назву
Назва (НП) Культурология
Решта назви (НП) Учебник для студентов высших учебных заведений
260 ## - Публікація, розповсюдження і т.п. (Вихідні дані)
Місце публікації, розповсюдження і т.п. (П) Москва
Ім’я/ наймення видавництва, розповсюджувача і т.п. (П) Гардарики
Дата публікації, розповсюдження і т.п. (П) 2000
250 ## - Відомості про видання (редакцію)
-- 3-е изд., перераб. и доп.
300 ## - Фізичний опис
Обсяг 280 с.
650 #7 - Додаткове предметне введення – тематичний термін
Джерело заголовка чи терміна UDC
942 ## - Додаткові елементи входу (Коха)
Тип елемента Koha Books
955 ## - Код типу видання за змістом
Код типу видання за змістом (НП) інше
Holdings
Стан вилучень Стан втрат Джерело класифікації або схеми стелажів Стан уражень Не для кредиту Постійне місце розташування Поточне розміщення Дата придбання Вартість, звичайна ціна покупки Інвентарний номер Усього замовленно Повний номер виклику Штрих-код Дата останнього перегляду Ціна ефективна від Тип елемента Koha
    Universal Decimal Classification     ЧЗ - Читальна зала ЧЗ - Читальна зала 13/12/2003 20.70 61888   008(082.24) Г95 61888 07/02/2022 13/12/2003 Books
    Universal Decimal Classification     ЧЗ - Читальна зала ЧЗ - Читальна зала 13/12/2003 5.00 61894   008(082.24) Г95 61894 09/02/2022 13/12/2003 Books
Withdrawn   Universal Decimal Classification     ЧЗ - Читальна зала ЧЗ - Читальна зала 13/12/2003 20.70 61895   008(082.24) Г95 61895 13/07/2019 13/12/2003 Books
Withdrawn   Universal Decimal Classification     ЧЗ - Читальна зала ЧЗ - Читальна зала 13/12/2003 20.70 61896   008(082.24) Г95 61896 13/07/2019 13/12/2003 Books
    Universal Decimal Classification     ЧЗ - Читальна зала ЧЗ - Читальна зала 13/12/2003 20.70 61897   008(082.24) Г95 61897 09/02/2022 13/12/2003 Books
    Universal Decimal Classification     ЧЗ - Читальна зала ЧЗ - Читальна зала 15/12/2003 20.70 80717   008(082.24) Г95 80717 09/02/2022 13/12/2003 Books